|
|
|
|
| LEADER |
01023cam a2200229 7i4500 |
| 001 |
0000129007 |
| 005 |
20170511090000.0 |
| 008 |
170413s2015 -uk eng |
| 020 |
# |
0 |
|a 9781138851443
|
| 020 |
# |
0 |
|a 1138851442
|
| 090 |
0 |
0 |
|a HD 30.255
|b .M36 2015
|
| 245 |
0 |
0 |
|a Managing organizations for sustainable development in emerging countries
|c edited by Angappa Gunasekaran, Charbel Jos ̌Chiappetta Jabbour and Ana Beatriz Lopes de Sousa Jabbour..
|
| 260 |
# |
# |
|a Abingdon, Oxon, UK:
|b Routledge, Taylor & Francis Group,
|c 2015.
|
| 300 |
# |
# |
|a x, 112 pages:
|b illustrations;
|c 31 cm..
|
| 504 |
0 |
0 |
|a Includes bibliographical references and index
|
| 590 |
# |
# |
|a Pusat Pengajian Pembangunan Sosial dan Ekonomi
|
| 650 |
0 |
0 |
|a Sustainable development --
|z BRIC countries
|
| 650 |
0 |
0 |
|a Management --
|x Environmental aspects --
|z BRIC countries
|
| 700 |
1 |
1 |
|a Gunasekaran, A.
|
| 700 |
1 |
1 |
|a Jabbour, Anna Beatriz Lopes de Sousa
|
| 700 |
1 |
1 |
|a Jabbour, Charles Jose Chiapetta
|
| 999 |
|
|
|a 1100099779
|b Book
|c Open Shelf
|e KOLEKSI TERBUKA
|